|
|
|
|
| LEADER |
00000cam a2200000 7i4500 |
| 001 |
0000039662 |
| 005 |
20140101.0 |
| 008 |
140101 |
| 020 |
|
|
|a 9676112038
|
| 090 |
0 |
0 |
|a 909.097671
|b GHA
|
| 100 |
0 |
|
|a Ghazali Darusalam
|
| 245 |
1 |
0 |
|a Sumbangan sarjana dalam tamadun Islam
|c Ghazali Darusalam
|
| 260 |
|
|
|a Kuala Lumpur :
|b Utusan Publishings & Distributors Sdn Bhd ,
|c 2001
|
| 440 |
|
|
|a Siri pengajian sejarah
|
| 650 |
|
0 |
|a Civilization, islamic
|
| 650 |
|
0 |
|a Scholars, Muslim
|
| 999 |
|
|
|a 0000911420
|b Book
|c Adult Collection
|e Cawangan Bandar Tenggara
|
| 999 |
|
|
|a 0001257677
|b Book
|c Adult Collection
|e Perbadanan Perpustakaan Awam Johor
|